| 000 | 00000nam 2200000za 4500 |
| 001 | 9.643266 |
| 003 | CaOODSP |
| 005 | 20221107134347 |
| 007 | cr ||||||||||| |
| 008 | 150407s1967||||xxca||||o f000 0 fre d |
| 040 | |aCaOODSP|bfre |
| 043 | |an-cn--- |
| 086 | 1 |aA53-1175/1967F-PDF |
| 100 | 1 |aSaidak, W. J. |
| 245 | 10|aCulture du fraisier dans l'Est du Canada |h[ressource électronique] : |brépression des mauvaises herbes / |cW.J. Saidak. |
| 250 | |aRevisé. |
| 260 | |aOttawa : |bMinistère de l'agriculture du Canada, |c1967. |
| 300 | |a2, [2] p. : |bphotographies. |
| 500 | |aÉd. originale : 1964. |
| 500 | |aPublication historique numérisée par Agriculture et Agroalimentaire Canada. |
| 500 | |aPublié aussi en anglais sous le titre : Growing strawberries in Eastern Canada: weed control. |
| 590 | |a14-11-Supp|b2014-05-21 |
| 691 | 07|aCultures fruitières|2gcpds |
| 710 | 1 |aCanada.|bAgriculture Canada. |bDirection générale de recherche. |
| 775 | 08|tGrowing strawberries in Eastern Canada |w(CaOODSP)9.699292 |
| 856 | 40|ahttp://publications.gc.ca|qPDF|s449 Ko|uhttps://publications.gc.ca/collections/collection_2014/aac-aafc/agrhist/A53-1175-1967-fra.pdf |
| 986 | |aPublication 1175 |